Spell the Fantastic Four Member #21 - Statistics

General Stats
  • This quiz has been taken 14 times
  • The average score is 6 of 9
Answer Stats
Picture Answer % Correct
Ant-Man
92%
Namor the Sub-Mariner
92%
Invisible Woman
85%
Mr. Fantastic
85%
Okoye
69%
Namorita
62%
Roz Solomon
54%
Triton
54%
Asha
23%
No matching quizzes found
Score Distribution
Percent of People with Each Score
Percentile by Number Answered
Your Score History
You have not taken this quiz